The First Date Dilemma /

All the sixth graders at Memorial Middle School are talking about one thing: their first boy-girl party. Lucia's had enough talk about what to wear and who's going with who. If her best friend hadn't insisted, she wouldn't even go to the dumb party. But after she gets to know Ade...

Full description

Bibliographic Details
Corporate Author: Library Pass, LLC
Other Authors: Mason, Jane B. (writer.)
Format: eBook
Language:English
Published: [United States] : Capstone, 2020.
Subjects:
Online Access:Connect to this electronic book (First time users create your free account)

MARC

Tag First Indicator Second Indicator Subfields
LEADER 00000nmm a22000001a 4500
001 in00004626321
006 m|||||o||m||||||||
007 cr|cn |||uuuuu
008 221118s2020 xxu||||co|||| ||||||eng d
005 20221207221402.4
035 |a (TxWaIVM)IV80022CaTh 
040 |a TxWaIVM  |c TxWaIVM 
245 0 4 |a The First Date Dilemma /  |c powered by Library Pass. 
260 3 |a [United States] :  |b Capstone,  |c 2020. 
300 |a 1 online resource. 
336 |a text  |b txt  |2 rdacontent 
337 |a computer  |b c  |2 rdamedia 
338 |a online resource  |b cr  |2 rdacarrier 
520 |a All the sixth graders at Memorial Middle School are talking about one thing: their first boy-girl party. Lucia's had enough talk about what to wear and who's going with who. If her best friend hadn't insisted, she wouldn't even go to the dumb party. But after she gets to know Adesh, she starts to thinking maybe this boy-girl party won't be so bad. Too bad he's interested in another girl. Supported with a glossary and reader response questions, this Junior High Drama story is an entertaining pick for readers and a safe choice for libraries. 
521 |a 5 
538 |a Requires a valid library card and registration for new users. 
538 |a Mode of access: World Wide Web. 
538 |a System requirements: Flash 10.1 or higher, Windows XP and higher, Internet Explorer 7 and higher, Firefox 3.6 and higher, Google Chrome; Max OS 10.5 and higher, Safari 4 and higher. 
650 0 |a Comic books, strips, etc. 
655 7 |a Electronic books.  |2 local 
655 7 |a Comic books, strips, etc.  |2 gsafd 
650 0 |a Comic books, strips, etc. 
655 7 |a Comic books, strips, etc.  |2 gsafd 
650 0 |a Biographical comic books, strips, etc. 
655 7 |a Biographical comic books, strips, etc.  |2 gsafd 
650 0 |a Comic books, strips, etc. --Drama 
655 7 |a Comic books, strips, etc. --Drama  |2 gsafd 
650 0 |a Comic books, strips, etc. --Education 
655 7 |a Comic books, strips, etc. --Education  |2 gsafd 
650 0 |a Comic books, strips, etc. --Fiction 
655 7 |a Comic books, strips, etc. --Fiction  |2 gsafd 
650 0 |a Comic books, strips, etc. --Women 
655 7 |a Comic books, strips, etc. --Women  |2 gsafd 
650 0 |a Literary 
655 7 |a Literary  |2 gsafd 
650 0 |a Romance comic books, strips, etc. 
655 7 |a Romance comic books, strips, etc.  |2 gsafd 
650 0 |a Comic books, strips, etc. --Students 
655 7 |a Comic books, strips, etc. --Students  |2 gsafd 
650 0 |a Comic books, strips, etc. 
655 7 |a Comic books, strips, etc.  |2 gsafd 
700 1 |a Mason, Jane B..  |e writer. 
700 1 |a Cho, Sumin.  |e artist. 
710 2 |a Library Pass, LLC. 
856 4 0 |u http://proxy.library.tamu.edu/login?url=https://tamu.librarypass.com/product/com.iversecomics.capstone.the.firstdate.dilemma.english.11042020  |z Connect to this electronic book (First time users create your free account)  |t 0 
955 |a Comics Plus. 
999 f f |s 0a07fc93-b489-48c8-881c-b8c7b8ca8969  |i 76cbe51e-ecdb-40f8-aed0-1f7fc441cbe8  |t 0 
952 f f |a Texas A&M University  |b College Station  |c Electronic Resources  |d Available Online  |t 0  |h Library of Congress classification 
998 f f |t 0  |l Available Online